<?xml version="1.0" encoding="UTF-8"?>
<record
    xmlns:xsi="http://www.w3.org/2001/XMLSchema-instance"
    xsi:schemaLocation="http://www.loc.gov/MARC21/slim http://www.loc.gov/standards/marcxml/schema/MARC21slim.xsd"
    xmlns="http://www.loc.gov/MARC21/slim">

  <leader>02580nam a22003495i 4500</leader>
  <datafield tag="999" ind1=" " ind2=" ">
    <subfield code="c">29067</subfield>
    <subfield code="d">29038</subfield>
  </datafield>
  <controlfield tag="003">EG-ScBUE</controlfield>
  <controlfield tag="005">20201217161721.0</controlfield>
  <controlfield tag="008">201217s2020    ua bo  g b    000 0 ara d</controlfield>
  <datafield tag="017" ind1=" " ind2=" ">
    <subfield code="a">2020 / 15405</subfield>
  </datafield>
  <datafield tag="020" ind1=" " ind2=" ">
    <subfield code="a">9789770936689</subfield>
  </datafield>
  <datafield tag="040" ind1=" " ind2=" ">
    <subfield code="a">EG-ScBUE</subfield>
    <subfield code="b">ara</subfield>
    <subfield code="e">rda</subfield>
    <subfield code="c">EG-ScBUE</subfield>
    <subfield code="d">EG-ScBUE</subfield>
  </datafield>
  <datafield tag="041" ind1="1" ind2=" ">
    <subfield code="a">ara</subfield>
    <subfield code="h">eng</subfield>
  </datafield>
  <datafield tag="043" ind1=" " ind2=" ">
    <subfield code="a">f-ua---</subfield>
    <subfield code="a">fl-----</subfield>
  </datafield>
  <datafield tag="082" ind1="0" ind2="4">
    <subfield code="a">911.62</subfield>
    <subfield code="b">&#x635; &#x64A; &#x627;</subfield>
    <subfield code="2">22</subfield>
  </datafield>
  <datafield tag="100" ind1="1" ind2=" ">
    <subfield code="a">&#x635;&#x64A;&#x627;&#x62F;&#x60C; &#x646;&#x632;&#x627;&#x631;&#x60C;</subfield>
    <subfield code="e">&#x645;&#x624;&#x644;&#x641;.</subfield>
  </datafield>
  <datafield tag="240" ind1="1" ind2="0">
    <subfield code="a">Nile : urban histories on the banks of a river.</subfield>
    <subfield code="l">Arabic</subfield>
  </datafield>
  <datafield tag="245" ind1="1" ind2="0">
    <subfield code="a">&#x627;&#x644;&#x646;&#x64A;&#x644; :</subfield>
    <subfield code="b">&#x645;&#x62F;&#x646; &#x648;&#x62D;&#x636;&#x627;&#x631;&#x627;&#x62A; &#x639;&#x644;&#x649; &#x636;&#x641;&#x627;&#x641; &#x646;&#x647;&#x631; /</subfield>
    <subfield code="c">&#x62F;. &#x646;&#x632;&#x627;&#x631; &#x627;&#x644;&#x635;&#x64A;&#x627;&#x62F; &#x61B; &#x62A;&#x631;&#x62C;&#x645;&#x629; &#x645;&#x647;&#x646;&#x62F;&#x633; &#x639;&#x635;&#x627;&#x645; &#x627;&#x644;&#x634;&#x631;&#x628;&#x64A;&#x646;&#x64A;.</subfield>
  </datafield>
  <datafield tag="250" ind1=" " ind2=" ">
    <subfield code="a">&#x627;&#x644;&#x637;&#x628;&#x639;&#x629; &#x627;&#x644;&#x639;&#x631;&#x628;&#x64A;&#x629; &#x627;&#x644;&#x623;&#x648;&#x644;&#x649;.</subfield>
  </datafield>
  <datafield tag="264" ind1=" " ind2="1">
    <subfield code="a">&#x627;&#x644;&#x642;&#x627;&#x647;&#x631;&#x629; :</subfield>
    <subfield code="b">&#x62F;&#x627;&#x631;&#x627;&#x644;&#x634;&#x631;&#x648;&#x642;&#x60C;</subfield>
    <subfield code="c">2020.</subfield>
  </datafield>
  <datafield tag="300" ind1=" " ind2=" ">
    <subfield code="a">347 &#x635;&#x641;&#x62D;&#x629; :</subfield>
    <subfield code="b">&#x62E;&#x631;&#x627;&#x626;&#x637;&#x60C; &#x635;&#x648;&#x631; &#x61B;</subfield>
    <subfield code="c">24 &#x633;&#x645;</subfield>
  </datafield>
  <datafield tag="336" ind1=" " ind2=" ">
    <subfield code="a">&#x646;&#x635;</subfield>
    <subfield code="b">txt</subfield>
    <subfield code="2">rdacontent</subfield>
  </datafield>
  <datafield tag="337" ind1=" " ind2=" ">
    <subfield code="a">&#x628;&#x62F;&#x648;&#x646; &#x648;&#x633;&#x64A;&#x637;</subfield>
    <subfield code="b">n</subfield>
    <subfield code="2">rdamedia</subfield>
  </datafield>
  <datafield tag="338" ind1=" " ind2=" ">
    <subfield code="a">&#x645;&#x62C;&#x644;&#x62F;</subfield>
    <subfield code="b">nc</subfield>
    <subfield code="2">rdacarrier</subfield>
  </datafield>
  <datafield tag="504" ind1=" " ind2=" ">
    <subfield code="a">&#x64A;&#x634;&#x62A;&#x645;&#x644; &#x639;&#x644;&#x649; &#x625;&#x631;&#x62C;&#x627;&#x639;&#x627;&#x62A; &#x628;&#x628;&#x644;&#x64A;&#x648;&#x62C;&#x631;&#x627;&#x641;&#x64A;&#x629;.</subfield>
  </datafield>
  <datafield tag="520" ind1=" " ind2=" ">
    <subfield code="a">&#x64A;&#x633;&#x62A;&#x639;&#x631;&#x636; &#x647;&#x630;&#x627; &#x627;&#x644;&#x643;&#x62A;&#x627;&#x628; &#x62A;&#x627;&#x631;&#x64A;&#x62E; &#x627;&#x644;&#x645;&#x62F;&#x646; &#x648;&#x627;&#x644;&#x62D;&#x636;&#x627;&#x631;&#x627;&#x62A; &#x627;&#x644;&#x62A;&#x64A; &#x638;&#x647;&#x631;&#x62A; &#x648;&#x627;&#x646;&#x62F;&#x62B;&#x631;&#x62A; &#x639;&#x644;&#x649; &#x636;&#x650;&#x641;&#x627;&#x641; &#x647;&#x630;&#x627; &#x627;&#x644;&#x646;&#x647;&#x631; &#x627;&#x644;&#x639;&#x638;&#x64A;&#x645; &#x645;&#x646; &#x645;&#x646;&#x627;&#x637;&#x642; &#x627;&#x644;&#x645;&#x646;&#x627;&#x628;&#x639; &#x648;&#x62D;&#x62A;&#x649; &#x641;&#x631;&#x648;&#x639; &#x627;&#x644;&#x645;&#x635;&#x628; &#x62E;&#x644;&#x627;&#x644; &#x62E;&#x645;&#x633;&#x629; &#x622;&#x644;&#x627;&#x641; &#x633;&#x646;&#x629;.
&#x628;&#x639;&#x64A;&#x62F;&#x64B;&#x627; &#x645;&#x646; &#x62E;&#x637; &#x627;&#x644;&#x627;&#x633;&#x62A;&#x648;&#x627;&#x621;&#x60C; &#x648;&#x641;&#x64A; &#x648;&#x633;&#x637; &#x623;&#x641;&#x631;&#x64A;&#x642;&#x64A;&#x627; &#x64A;&#x648;&#x644;&#x62F; &#x627;&#x644;&#x646;&#x64A;&#x644;&#x64F; &#x627;&#x644;&#x62E;&#x627;&#x644;&#x62F;&#x60C; &#x623;&#x637;&#x648;&#x644; &#x623;&#x646;&#x647;&#x627;&#x631; &#x627;&#x644;&#x639;&#x627;&#x644;&#x645;. &#x62A;&#x644;&#x62F;&#x64F;&#x647; &#x623;&#x645;&#x64C; &#x648;&#x642;&#x648;&#x631; &#x645;&#x627; &#x643;&#x627;&#x646;&#x62A; &#x62A;&#x638;&#x646; &#x623;&#x646;&#x647; &#x633;&#x64A;&#x643;&#x648;&#x646; &#x644;&#x648;&#x644;&#x62F;&#x647;&#x627; &#x634;&#x623;&#x646; &#x648;&#x623;&#x646;&#x647; &#x633;&#x64A;&#x635;&#x646;&#x639; &#x627;&#x644;&#x62A;&#x627;&#x631;&#x64A;&#x62E;&#x60C; &#x625;&#x630; &#x623;&#x635;&#x628;&#x62D; &#x645;&#x633;&#x631;&#x62D;&#x64B;&#x627; &#x644;&#x644;&#x643;&#x62B;&#x64A;&#x631; &#x645;&#x646; &#x627;&#x644;&#x623;&#x62D;&#x62F;&#x627;&#x62B; &#x627;&#x644;&#x62A;&#x64A; &#x634;&#x643;&#x651;&#x644;&#x62A; &#x627;&#x644;&#x645;&#x62F;&#x646; &#x648;&#x627;&#x644;&#x62D;&#x636;&#x627;&#x631;&#x627;&#x62A; &#x627;&#x644;&#x645;&#x62E;&#x62A;&#x644;&#x641;&#x629; &#x639;&#x644;&#x649; &#x636;&#x650;&#x641;&#x627;&#x641;&#x647;. &#x64A;&#x623;&#x62E;&#x630;&#x646;&#x627; &#x647;&#x630;&#x627; &#x627;&#x644;&#x643;&#x62A;&#x627;&#x628; &#x641;&#x64A; &#x631;&#x62D;&#x644;&#x629;&#x64D; &#x62A;&#x627;&#x631;&#x64A;&#x62E;&#x64A;&#x629; &#x637;&#x648;&#x64A;&#x644;&#x629; &#x625;&#x644;&#x649; &#x627;&#x644;&#x639;&#x62F;&#x64A;&#x62F; &#x645;&#x646; &#x62F;&#x648;&#x644; &#x62D;&#x648;&#x636; &#x627;&#x644;&#x646;&#x64A;&#x644; &#x62A;&#x62A;&#x642;&#x627;&#x637;&#x639; &#x641;&#x64A;&#x647;&#x627; &#x627;&#x644;&#x639;&#x648;&#x627;&#x645;&#x644;&#x64F; &#x627;&#x644;&#x637;&#x628;&#x64A;&#x639;&#x64A;&#x629; &#x645;&#x639; &#x627;&#x644;&#x62A;&#x62F;&#x62E;&#x644;&#x627;&#x62A; &#x627;&#x644;&#x625;&#x646;&#x633;&#x627;&#x646;&#x64A;&#x629;. &#x648;&#x641;&#x64A; &#x627;&#x644;&#x637;&#x631;&#x64A;&#x642; &#x64A;&#x633;&#x631;&#x62F; &#x627;&#x644;&#x643;&#x62A;&#x627;&#x628; &#x641;&#x642;&#x631;&#x627;&#x62A; &#x645;&#x646; &#x62A;&#x627;&#x631;&#x64A;&#x62E; &#x645;&#x646;&#x641;&#x60C; &#x637;&#x64A;&#x628;&#x629;&#x60C; &#x627;&#x644;&#x639;&#x645;&#x627;&#x631;&#x646;&#x629;&#x60C; &#x646;&#x628;&#x627;&#x62A;&#x629;&#x60C; &#x645;&#x648;&#x631;&#x64A;&#x60C; &#x627;&#x644;&#x625;&#x633;&#x643;&#x646;&#x62F;&#x631;&#x64A;&#x629;&#x60C; &#x627;&#x644;&#x641;&#x64A;&#x648;&#x645;&#x60C; &#x627;&#x644;&#x642;&#x627;&#x647;&#x631;&#x629;&#x60C; &#x62F;&#x645;&#x64A;&#x627;&#x637;&#x60C; &#x627;&#x644;&#x645;&#x646;&#x635;&#x648;&#x631;&#x629;&#x60C; &#x62C;&#x648;&#x646;&#x62F;&#x631;&#x60C; &#x631;&#x634;&#x64A;&#x62F;&#x60C; &#x627;&#x644;&#x62E;&#x631;&#x637;&#x648;&#x645;&#x60C; &#x623;&#x645; &#x62F;&#x631;&#x645;&#x627;&#x646;&#x60C; &#x648;&#x623;&#x633;&#x648;&#x627;&#x646;. </subfield>
  </datafield>
  <datafield tag="546" ind1=" " ind2=" ">
    <subfield code="a">&#x627;&#x644;&#x646;&#x635; &#x628;&#x627;&#x644;&#x644;&#x63A;&#x629; &#x627;&#x644;&#x639;&#x631;&#x628;&#x64A;&#x629; &#x61B; &#x645;&#x62A;&#x631;&#x62C;&#x645; &#x645;&#x646; &#x627;&#x644;&#x644;&#x63A;&#x629; &#x627;&#x644;&#x625;&#x646;&#x62C;&#x644;&#x64A;&#x632;&#x64A;&#x629;.</subfield>
  </datafield>
  <datafield tag="650" ind1=" " ind2="7">
    <subfield code="a">&#x627;&#x644;&#x645;&#x62F;&#x646;</subfield>
    <subfield code="z">&#x646;&#x647;&#x631; &#x627;&#x644;&#x646;&#x64A;&#x644;</subfield>
    <subfield code="2">BUEsh</subfield>
    <subfield code="9">31728</subfield>
  </datafield>
  <datafield tag="651" ind1=" " ind2="7">
    <subfield code="a">&#x646;&#x647;&#x631; &#x627;&#x644;&#x646;&#x64A;&#x644;</subfield>
    <subfield code="x">&#x62C;&#x63A;&#x631;&#x627;&#x641;&#x64A;&#x627;.</subfield>
    <subfield code="2">BUEsh</subfield>
    <subfield code="9">15336</subfield>
  </datafield>
  <datafield tag="653" ind1=" " ind2=" ">
    <subfield code="b">GGEN</subfield>
    <subfield code="b">BUSBOL</subfield>
    <subfield code="b">BUSECO</subfield>
    <subfield code="c">December2020</subfield>
  </datafield>
  <datafield tag="700" ind1="1" ind2=" ">
    <subfield code="a">&#x634;&#x631;&#x628;&#x64A;&#x646;&#x64A;&#x60C; &#x639;&#x635;&#x627;&#x645;&#x60C;</subfield>
    <subfield code="e">&#x645;&#x62A;&#x631;&#x62C;&#x645;.</subfield>
  </datafield>
  <datafield tag="942" ind1=" " ind2=" ">
    <subfield code="2">ddc</subfield>
  </datafield>
  <datafield tag="952" ind1=" " ind2=" ">
    <subfield code="0">0</subfield>
    <subfield code="1">0</subfield>
    <subfield code="2">ddc</subfield>
    <subfield code="4">0</subfield>
    <subfield code="7">0</subfield>
    <subfield code="8">Dar-SH</subfield>
    <subfield code="a">MAIN</subfield>
    <subfield code="b">MAIN</subfield>
    <subfield code="c">2ND</subfield>
    <subfield code="d">2020-12-17</subfield>
    <subfield code="e">Purchase</subfield>
    <subfield code="g">190.00</subfield>
    <subfield code="h">0683</subfield>
    <subfield code="o">911.62 &#x635; &#x64A; &#x627;</subfield>
    <subfield code="p">000050169</subfield>
    <subfield code="r">2025-07-15 00:00:00</subfield>
    <subfield code="v">237.50</subfield>
    <subfield code="y">BB</subfield>
  </datafield>
</record>
